000 01478nam a2200397 i 4500
001 193078
003 SpMaBN
005 20251207063034.0
007 ta
008 230727s1990 sp | |||| ||spa d
016 7 _abimoBNE19930220239
_zSIC92009321
_2SpMaBN
017 _aB 22787-1990
_bOficina Depósito Legal Barcelona
020 _a8474261694
035 _a(OCoLC)434831341
035 _abimo0000296994
040 _aSpMaBN
_bspa
_cSIC
_dES-MaACL
080 _a(05.055.2)
100 _aGallego Ayala, Juana,
_d1955-
_0XX843095
_9233911
245 1 0 _aMujeres de papel :
_bDe ¡Hola! a Vogue : La prensa femenina en la actualidad /
_cJuana Gallego Ayala
250 _a1ª ed.
260 _aBarcelona :
_bIcaria,
_c1990
300 _a202 p. ;
_c21 cm
336 _2rdacontent
_aTexto
337 _2rdamedia
_asin mediación
338 _2rdacarrier
_avolumen
490 1 _aIcaria antrazit ;
_v57
500 _aCatalogación provisional. Signatura: N 8588. Depósito J.
650 4 _aPublicaciones periódicas femeninas
_2embne
_916607
830 _9178643
_aIcaria antrazit ;
_v57
852 _aES-MaACL
_9200384
_bR.131640
_jN-8588
_cDEPOJ
_hDonación: Editorial
_zEn proceso
942 _n0
_cMONOGRAFIA
999 _c193078
_d193078